[Event "Africa-ch U2000 op"]
[Site "Windhoek"]
[Date "2019.01.03"]
[Round "5.6"]
[White "Enquneh, Eyob"]
[Black "Hamilton, Mandeya"]
[Result "1/2-1/2"]
[WhiteElo "1961"]
[BlackElo "1908"]
[PlyCount "68"]
[EventDate "2018.12.31"]
[EventType "swiss"]
[EventRounds "9"]
[EventCountry "NAM"]
[SourceTitle "EXT 2024"]
[Source "ChessBase"]
[SourceDate "2023.10.10"]
[SourceVersion "1"]
[SourceVersionDate "2023.10.10"]
[SourceQuality "1"]

1. d4 Nf6 2. c4 d6 3. Nc3 Nbd7 4. e4 c6 5. Nf3 e5 6. d5 c5 7. Be2 Be7 8. 0-0 0-0 9. Qc2 Re8 10. Re1 Nf8 11. Nd2 Ng6 12. Nf1 a6 13. a4 Bd7 14. Bd2 Qc8 15. a5 Nh4 16. Bg5 Ng6 17. Ng3 h6 18. Bd2 Nh4 19. f4 exf4 20. Bxf4 Ng6 21. Rf1 Ng4 22. Bxg4 Bxg4 23. Na4 Qd8 24. Nb6 Rb8 25. h3 Bd7 26. Be3 Ne5 27. Nf5 Bxf5 28. Rxf5 Bf6 29. Bd2 Re7 30. Bc3 Qf8 31. Kh1 Rbe8 32. Qa4 Kh7 33. Bxe5 Bxe5 34. Nd7 Qh8 1/2-1/2